Statistics for Cities of Poland A-Z (and more)

Click here to take the quiz!

General Stats

  • This quiz has been taken 62 times
  • The average score is 14 of 26

Answer Stats

LetterHintAnswer% Correct
KCapital city of Poland between 1039 and 1596, main academic and cultural centre.Kraków
91%
WThe capital city of Poland.Warszawa
91%
GWas a free city between 1920 and 1939.Gdańsk
84%
ŁFormer textile industry centre in the middle of Poland. Translates into "boat".Łódź
81%
POn Warta river. Its symbol are head-butting goats.Poznań
79%
LUnion was signed there in 1569, creating the Polish-Lithuanian Commonwealth. Name is similar to one of European capital cities.Lublin
68%
SMajor seaport on Oder river, in Poland (again) since 1945.Szczecin
67%
TBirthplace of Nicolaus Copernicus. Known for its gingerbread.Toruń
65%
CMain religious centre. Symbol of defence against Sweden in the 17th century.Częstochowa
63%
RLargest city in southeastern Poland.Rzeszów
63%
B"Capital of Polish rowing", lies between Vistula, Noteć and Brda rivers. Sometimes called "Little Berlin".Bydgoszcz
56%
EIn northern Poland, next to a Canal with a remarkable system of inclined planes. Founded in 1237 by the Teutonic Knights.Elbląg
56%
AHealth resort in northern Poland, next to its Canal and Primeval Forest. Name is similar to one of the Roman Emperors.Augustów
53%
HCity at the end of its Peninsula, bus no. 666 drives there.Hel
53%
OOn Oder river, in Silesia. One of the oldest cities in Poland.Opole
51%
ZIn eastern Poland, a unique example of a Renaissance town, founded in 1580.Zamość
49%
IIn Kuyavia, with saltwater baths and salt mines. Its name is similar to the Polish translation of "Breslau" ("Only Breslau").Inowrocław
47%
MFounded by the Knights of the Teutonic Order, who built their main stronghold there.Malbork
47%
FOn the Vistula Lagoon, the "Jewel of Warmia". Nicolaus Copernicus resided there.Frombork
46%
ŻIn Beskids (part of the Carpathian Mountains). Famous brewery is located there.Żywiec
44%
ŚThe tallest statue of Jesus in the world is there.Świebodzin
42%
UPopular seaside destination.Ustka
39%
DAir Force School is located there since the interwar period.Dęblin
28%
JWhere "Polish Woodstock" festival is organised.Jarocin
26%
NSpa town in eastern Poland, writers Bolesław Prus and Stefan Żeromski were its frequent visitors.Nałęczów
21%
ĆFamous porcelain factory is located there.Ćmielów
12%

Score Distribution

Percentile by Number Answered

Percent of People with Each Score

Your Score History

You have not taken this quiz